Archigula : Revista Cultural de Gastronomía, Vinos y Puros : n°4, abril 1999 /

保存先:
書誌詳細
その他の著者: Lorente, Ana (dirección) (dirección)
フォーマット: 図書
言語:スペイン語
出版事項: Madrid, España : OpusWine, 1999
タグ: タグ追加
タグなし, このレコードへの初めてのタグを付けませんか!

MARC

LEADER 00000nam^a2200000^a^4500
001 000597109
005 20250521000000.0
009 20260310133119.299
037 |a Acervo ITESO - Biblioteca 
041 |a ESP 
091 |a FCR. 02274 
240 1 1 |a [Archigula: Revista Cultural de Gastronomía, Vinos y Puros] 
245 0 0 |a Archigula :  |b Revista Cultural de Gastronomía, Vinos y Puros : n°4, abril 1999 / 
264 4 |a Madrid, España :  |b OpusWine,  |c 1999 
300 |a 98 p. 
336 |a texto  |b txt  |2 rdacontenido 
337 |a sin mediación  |b n  |2 rdamedio 
338 |a volumen  |b nc  |2 rdasoporte 
649 |a XX 
700 |a Lorente, Ana  |e (dirección) 
910 |a Fondo Cristina Romo Gil 
920 |a Impresos - Libros 
930 |a Fondos Especiales 
905 |a 143 
901 |a 597297-10  |b IT2  |c ESP  |i D122661  |u 20250521 
902 |a https://opac.biblio.iteso.mx/vufind/Record/000597109